00426nam a2200157Ia 4500100001700000650002000017942000700037654000900044245002500053260003500078082002000113300000800133546001200141999001700153952009800170 aDalal/Hemal  aMicroprocessors cBK a8086 a8086 Microprocessors bNandu Book HouseaMumbaic2007 a004.16/DALbDAL a356 aENGLISH c32419d32419 001040708CRCaCRCEbCRCEd2023-03-17l0o004.16/DAL DALp17903r2023-03-17w2023-03-17yBK